Malaysia logistic directory 2009/2010 (Record no. 22493)

MARC details
000 -LEADER
fixed length control field 00796nam a2200277#a 4500
001 - CONTROL NUMBER
control field 00889
003 - CONTROL NUMBER IDENTIFIER
control field HDC
007 - PHYSICAL DESCRIPTION FIXED FIELD--GENERAL INFORMATION
fixed length control field ta
008 - FIXED-LENGTH DATA ELEMENTS--GENERAL INFORMATION
fixed length control field 230623s2009 xx 000 0 eng d
020 ## - INTERNATIONAL STANDARD BOOK NUMBER
International Standard Book Number 19850379 (pbk.).
040 ## - CATALOGING SOURCE
Original cataloging agency HDC
050 ## - LIBRARY OF CONGRESS CALL NUMBER
Classification number MFBD HF 5415.7
Item number .M35 2009
240 ## - UNIFORM TITLE
Uniform title Malaysia logistics directory
245 #0 - TITLE STATEMENT
Title Malaysia logistic directory 2009/2010
264 ## - PRODUCTION, PUBLICATION, DISTRIBUTION, MANUFACTURE, AND COPYRIGHT NOTICE
Place of production, publication, distribution, manufacture Shah Alam :
Name of producer, publisher, distributor, manufacturer Marshall Cavendish (M),
Date of production, publication, distribution, manufacture, or copyright notice 2009-
300 ## - PHYSICAL DESCRIPTION
Extent v. :
Other physical details col. ill. ;
Dimensions 30cm.
500 ## - GENERAL NOTE
General note Description based on : (2009/2010)
650 ## - SUBJECT ADDED ENTRY--TOPICAL TERM
Topical term or geographic name entry element Business logistics
Form subdivision Directory
650 ## - SUBJECT ADDED ENTRY--TOPICAL TERM
Topical term or geographic name entry element Material handling
Form subdivision Directory
650 ## - SUBJECT ADDED ENTRY--TOPICAL TERM
Topical term or geographic name entry element Physical distribution of goods
Form subdivision Directory
650 ## - SUBJECT ADDED ENTRY--TOPICAL TERM
Topical term or geographic name entry element Transportation
Form subdivision Directory
942 ## - ADDED ENTRY ELEMENTS (KOHA)
Source of classification or shelving scheme Library of Congress Classification
942 ## - ADDED ENTRY ELEMENTS (KOHA)
Koha item type Book
942 ## - ADDED ENTRY ELEMENTS (KOHA)
Call number prefix MFBD HF 5415.7
942 ## - ADDED ENTRY ELEMENTS (KOHA)
Call number suffix .M35 2009
Holdings
Withdrawn status Lost status Source of classification or shelving scheme Damaged status Not for loan Collection Home library Current library Shelving location Date acquired Total checkouts Full call number Date last seen Price effective from Koha item type
    Library of Congress Classification     Non-fiction Halal Development Corporation Library Halal Development Corporation Library Open Shelves 17/11/2020   MFBD HF 5415.7 .M35 2009 24/05/2023 24/05/2023 Book
Halal Development Corporation Berhad (HDC)
5.02 Level 5, KPMG Tower, First Avenue, Persiaran Bandar Utama, 47800 Petaling Jaya, Selangor Darul Ehsan
Phone: +603 7965 5489 Email: [email protected]